000 00946nam a2200265Ia 4500
003 OSt
005 20220923211543.0
006 a|||||r|||| 00| 0
007 ta
008 220922b |||||||| |||| 00| 0 hin d
020 _a9789383513642 (hbk)
_c395
024 _a289,529
037 _b100, 09/03/2016, Mallika Books
_cTextual
040 _aARTS
_cARTS
_bhin
041 _2hin
_ahin
082 _aP152, Q5
100 _aअग्रवाल, मुकेश
_9156369
245 0 _aभाषा - विज्ञान एवं हिन्दी भाषा
246 _aBhāṣhā - vijnyān evan hindī bhāṣhā
260 _aनई दिल्ली
_b स्वराज प्रकाशन
_c2015
300 _a176पृ.
_ccm.
650 _aहिन्दी भाषा
942 _hP152, Q5
_cTEXL
_2CC
999 _c300718
_d300718